Central Library OPAC University of Rajshahi

বিশ্ব-ইতিহাস প্রসঙ্গ / (Record no. 39346)

MARC details
000 -LEADER
fixed length control field 00938nam a2200241 a 4500
001 - CONTROL NUMBER
control field 39346
003 - CONTROL NUMBER IDENTIFIER
rucl marc code BD-RjUL
005 - DATE AND TIME OF LATEST TRANSACTION
control field 20211209052954.0
008 - FIXED-LENGTH DATA ELEMENTS--GENERAL INFORMATION
fixed length control field 160407m20131951ii ||||| |||| 00| 0 ben d
020 ## - INTERNATIONAL STANDARD BOOK NUMBER
International Standard Book Number 8170662915
Terms of availability : IRs. 600.00 (2013) ; IRs. 600.00 (1993)
035 ## - SYSTEM CONTROL NUMBER
System control number (BD-RjUL)39459
040 ## - CATALOGING SOURCE
Original cataloging agency BD-RjUL
Language of cataloging ben
Transcribing agency BD-RjUL
041 ## - LANGUAGE CODE
Language code of text/sound track or separate title ben
082 ## - DEWEY DECIMAL CLASSIFICATION NUMBER
Edition number 23
Classification number 909
Author mark and year NEB 2013
100 1# - MAIN ENTRY--PERSONAL NAME
Personal name নেহরু, জওহরলাল
9 (RLIN) 121112
245 10 - TITLE STATEMENT
Title বিশ্ব-ইতিহাস প্রসঙ্গ /
Statement of responsibility, etc. জওহরলাল নেহরু
260 ## - PUBLICATION, DISTRIBUTION, ETC. (IMPRINT)
Place of publication, distribution, etc. কলকাতা :
Name of publisher, distributor, etc. আনন্দ,
Date of publication, distribution, etc. ১৯৫১ [মুদ্রণ ২০১৩]
300 ## - PHYSICAL DESCRIPTION
Pagination [১৮] ১০১১ পৃ.
Size ২৪ সেমি.
500 ## - GENERAL NOTE
General note "Glimpses of World History" গ্রন্থের বঙ্গানুবাদ
650 ## - SUBJECT ADDED ENTRY--TOPICAL TERM
Topical term or geographic name as entry element World History
9 (RLIN) 121216
Topical term or geographic name as entry element বিশ্ব ইতিহাস
9 (RLIN) 121274
942 ## - ADDED ENTRY ELEMENTS (KOHA)
Source of classification or shelving scheme Dewey Decimal Classification
Koha item type Books
Holdings
Lost status Source of classification or shelving scheme Damaged status Not for loan Collection code Permanent Location Current Location Shelving location Date acquired Source of acquisition Cost, normal purchase price Total Checkouts Full call number Date last seen Copy number Koha item type Date checked out
  Dewey Decimal Classification   Not For Loan Non-fiction Central Library, University of Rajshahi Central Library, University of Rajshahi Reading Room 23/06/2015 Batighor, Chittagong 1320.00   B 909 NEB 2013 07/04/2016 C-1 Books  
  Dewey Decimal Classification     Non-fiction Central Library, University of Rajshahi Central Library, University of Rajshahi   23/06/2015 Batighor, Chittagong 1320.00 9 B 909 NEB 2013 04/09/2025 C-2 Books 12/08/2025
  Dewey Decimal Classification     Non-fiction Central Library, University of Rajshahi Central Library, University of Rajshahi   23/06/2015 Batighor, Chittagong 1320.00 2 B 909 NEB 2013 27/12/2021 C-3 Books 17/12/2021
  Dewey Decimal Classification     Non-fiction Central Library, University of Rajshahi Central Library, University of Rajshahi   23/06/1996 Bidasagor, Dhaka 500.00   B 909 NEB 1993 24/02/2020 C-4 Books